000 01779cam a2200217 4500
001 ##L134676
008 060824n2006 000 0 eng u
035 _a(Sirsi) u134676
041 _aeng
050 0 4 _a627.4 $2 18
110 1 _aUnited Kingdom
_bDepartment for Environment, Food and Rural Affairs
245 0 0 _aMaking space for water
_btaking forward a new government strategy for flood and coastal erosion risk management in England
260 _aLondon
_bDEFRA
_c2006
520 _aDEFRA webpage on the new government strategy for flood and coastal erosion risk management. Provides links to "Making space for water: taking forward a new government strategy for flood and coastal erosion risk management in England: first response to the autumn 2004 Making space for water consultation exercise", the original consultation, further background information and progress on the strategy. The first response sets out the aim of the new strategy: to manage the risk from flooding and coastal erosion by employing an integrated portfolio of approaches which reflect both national and local priorities, so as to reduce the threat to people and their property; to deliver the greatest environmental, social and economic benefit consistent with the government's sustainable development principles and to secure efficient and reliable funding mechanisms that deliver the levels of investment required to achieve the vision of this strategy.
590 _aIKA050906
650 2 4 _aFLOODING
651 4 _aEngland
_y886-
690 _aENVIRONMENTAL AND LAND CONSULTANCY-WATER RESOURCE MANAGEMENT-FLOODING
856 4 0 _uhttps://archive.defra.gov.uk/environment/flooding/policy/strategy/index.htm
_zView the government response free of charge at www.defra.gov.uk...
942 _n0
999 _c105768
_d105768